| 000 | 00374nam a22001457a 4500 | ||
|---|---|---|---|
| 008 | 231204b |||||||| |||| 00| 0 eng d | ||
| 082 | _a658.15 RED | ||
| 100 | _aReddy, T.S. | ||
| 245 | _aManagement Accounting | ||
| 250 | _a3rd ed. | ||
| 260 |
_aChennai : _bMargham, _c2000. |
||
| 300 |
_axiv. 9.82 p: _c21.3 Cm. |
||
| 700 |
_aReddy, Y. Hari Prasad. _eAuthor |
||
| 942 | _2ddc | ||
| 999 |
_c9755 _d9756 |
||